[Event "CAN-op"]
[Site "Windsor CAN"]
[Date "2016.07.16"]
[Round "7.12"]
[White "Plotkin, Victor"]
[Black "Kiraly, Istvan"]
[Result "1-0"]
[WhiteElo "2428"]
[BlackElo "2245"]
[PlyCount "91"]
[EventDate "2016.07.10"]
[EventType "swiss"]
[EventRounds "9"]
[EventCountry "CAN"]

1. e4 c5 2. c3 b6 3. d4 Bb7 4. d5 Nf6 5. Bd3 c4 6. Bxc4 Nxe4 7. Nf3 Nd6 8. Bb3
Ba6 9. Bf4 Qc7 10. Qd4 Qc5 11. Qxc5 bxc5 12. Bxd6 exd6 13. Nbd2 Bd3 14. O-O-O
f6 15. Rhe1+ Kf7 16. Re3 Bf5 17. Ba4 g5 18. Bb5 a6 19. Bd3 Bxd3 20. Rxd3 a5 21.
Nc4 Na6 22. Nfd2 Nc7 23. a4 Ra6 24. Nb3 Be7 25. Nbxa5 Rb8 26. Kc2 Ne8 27. Ra1
Rba8 28. b4 cxb4 29. cxb4 R8a7 30. Re1 Bd8 31. Rh3 Bxa5 32. Nxa5 Rxa5 33. bxa5
Rxa5 34. Rxh7+ Ng7 35. Ra1 Rxd5 36. a5 Rc5+ 37. Kb3 Rc8 38. a6 g4 39. a7 Ra8
40. Kc4 Kg6 41. Rxg7+ Kxg7 42. Kd5 Kg6 43. Kxd6 Kf5 44. Kxd7 Ke4 45. Kc7 Kd3
46. Kb7 1-0

[Event "CAN-op"]
[Site "Windsor CAN"]
[Date "2016.07.16"]
[Round "7.14"]
[White "Doknjas, Joshua"]
[Black "Chernik, Dmitry"]
[Result "1-0"]
[WhiteElo "2204"]
[BlackElo "2095"]
[PlyCount "43"]
[EventDate "2016.07.10"]
[EventType "swiss"]
[EventRounds "9"]
[EventCountry "CAN"]

1. e4 d6 2. d4 Nf6 3. Nc3 e5 4. Nf3 Nbd7 5. Bc4 Be7 6. a4 a5 7. Ng5 O-O 8.
Bxf7+ Rxf7 9. Ne6 Qe8 10. Nxc7 Qd8 11. Nxa8 b6 12. Nb5 Nxe4 13. O-O Bg5 14. f3
Bxc1 15. Rxc1 Ng5 16. dxe5 dxe5 17. Qd5 Qf6 18. Nd6 Nf8 19. Nxf7 Be6 20. Qxe5
Nh3+ 21. gxh3 Qxf7 22. Qg3 1-0

[Event "CAN-op"]
[Site "Windsor CAN"]
[Date "2016.07.16"]
[Round "7.17"]
[White "Profit, Brian"]
[Black "Ruelland, Geoffrey"]
[Result "1/2-1/2"]
[WhiteElo "1989"]
[BlackElo "2106"]
[PlyCount "39"]
[EventDate "2016.07.10"]
[EventType "swiss"]
[EventRounds "9"]
[EventCountry "CAN"]

1. d4 d5 2. c4 c6 3. Nf3 Nf6 4. Qb3 dxc4 5. Qxc4 Bf5 6. g3 e6 7. Bg2 Nbd7 8.
O-O Be7 9. e3 O-O 10. Qe2 Qc7 11. Nc3 e5 12. dxe5 Nxe5 13. Nxe5 Qxe5 14. e4 Bg4
15. f3 Bc5+ 16. Kh1 Bd7 17. Bf4 Qe6 18. Rfd1 Rfd8 19. Rd2 Be8 20. Rad1 1/2-1/2

[Event "CAN-op"]
[Site "Windsor CAN"]
[Date "2016.07.16"]
[Round "7.18"]
[White "Huang, Patrick"]
[Black "D'Amore, Tyler"]
[Result "1-0"]
[WhiteElo "1992"]
[BlackElo "1946"]
[PlyCount "39"]
[EventDate "2016.07.10"]
[EventType "swiss"]
[EventRounds "9"]
[EventCountry "CAN"]

1. e4 e5 2. d4 exd4 3. Nf3 Nc6 4. Bc4 Nf6 5. O-O Nxe4 6. Re1 d5 7. Bxd5 Qxd5 8.
Nc3 Qa5 9. Nxe4 Be6 10. Neg5 O-O-O 11. Nxe6 fxe6 12. Rxe6 Bd6 13. Bg5 Rdf8 14.
Qe2 d3 15. cxd3 Nd4 16. Nxd4 Qxg5 17. Rxd6 cxd6 18. Qe6+ Kb8 19. Qxd6+ Ka8 20.
Ne6 1-0

[Event "CAN-op"]
[Site "Windsor CAN"]
[Date "2016.07.16"]
[Round "7.19"]
[White "Chehayeb, Salah"]
[Black "Zhang, Henry"]
[Result "0-1"]
[WhiteElo "2015"]
[BlackElo "2096"]
[PlyCount "70"]
[EventDate "2016.07.10"]
[EventType "swiss"]
[EventRounds "9"]
[EventCountry "CAN"]

1. e4 c5 2. b4 cxb4 3. d4 d5 4. e5 Nc6 5. a3 e6 6. axb4 Bxb4+ 7. c3 Bf8 8. Bd3
Qc7 9. Ne2 f6 10. f4 f5 11. O-O a6 12. Na3 Rb8 13. g4 g6 14. gxf5 gxf5 15. Kh1
Qf7 16. c4 dxc4 17. Bxc4 b5 18. Ba2 Bb7 19. Kg1 Nb4 20. Bb1 Qg6+ 21. Ng3 h5 22.
Kf2 h4 23. Ne2 Qg2+ 24. Ke1 Qxh2 25. Nc2 Qg2 26. Rg1 Qc6 27. Ne3 h3 28. Nf1 h2
29. Nxh2 Rxh2 30. Rxg8 Rh1+ 31. Ng1 Qc3+ 32. Bd2 Qxd4 33. Rxf8+ Kxf8 34. Bxb4+
Qxb4+ 35. Kf1 Qxf4+ 0-1

[Event "CAN-op"]
[Site "Windsor CAN"]
[Date "2016.07.16"]
[Round "7.20"]
[White "Fradkin, Benjamin"]
[Black "Gaisinsky, Adam"]
[Result "1/2-1/2"]
[WhiteElo "2108"]
[BlackElo "1994"]
[PlyCount "130"]
[EventDate "2016.07.10"]
[EventType "swiss"]
[EventRounds "9"]
[EventCountry "CAN"]

1. d4 Nf6 2. Nf3 e6 3. Bf4 b6 4. h3 Bb7 5. e3 Be7 6. Bd3 O-O 7. Nbd2 d5 8. O-O
c5 9. c4 cxd4 10. Nxd4 Nc6 11. Nxc6 Bxc6 12. Rc1 Rc8 13. Nf3 Bb7 14. Be2 Ba6
15. Qa4 Bxc4 16. Bxc4 Rxc4 17. Rxc4 dxc4 18. Qxc4 Qd5 19. Rc1 Qxc4 20. Rxc4 Nd5
21. Bg3 b5 22. Rc6 Bf6 23. e4 Nb4 24. Rc7 Nxa2 25. Rxa7 Nc1 26. Bd6 Rc8 27. e5
Bd8 28. Rb7 Nd3 29. Rxb5 h6 30. Rb3 Nf4 31. Nd4 Rc4 32. Rb8 Rxd4 33. Rxd8+ Kh7
34. Rb8 Rd1+ 35. Kh2 Rb1 36. b4 Rb2 37. Rf8 Kg6 38. h4 Nd5 39. h5+ Kxh5 40.
Rxf7 Kg6 41. Rb7 Rxf2 42. b5 Rf7 43. Rxf7 Kxf7 44. Kh3 Ke8 45. Kg4 g6 46. Bc5
Kd7 47. Bf8 Ne3+ 48. Kf3 Nf5 49. Kf4 g5+ 50. Kg4 Ne3+ 51. Kf3 Nf5 52. Bc5 h5
53. Bf2 Kc7 54. g4 hxg4+ 55. Kxg4 Ne7 56. Kxg5 Nd5 57. Kg6 Kd7 58. Kf7 Nb4 59.
b6 Nc6 60. Kf6 Na5 61. Bd4 Nb7 62. Bc3 Nc5 63. Be1 Nb7 64. Bb4 Nd8 65. Bc5 Nb7
1/2-1/2

[Event "CAN-op"]
[Site "Windsor CAN"]
[Date "2016.07.16"]
[Round "7.21"]
[White "Beider, Andrew"]
[Black "Sivapathasundaram, Manojh"]
[Result "1/2-1/2"]
[WhiteElo "2069"]
[BlackElo "1985"]
[PlyCount "40"]
[EventDate "2016.07.10"]
[EventType "swiss"]
[EventRounds "9"]
[EventCountry "CAN"]

1. e4 c5 2. f4 e6 3. c4 Nc6 4. Nc3 d6 5. Nf3 Nf6 6. d3 Be7 7. Be2 O-O 8. O-O d5
9. cxd5 exd5 10. e5 Ne8 11. h3 f6 12. Qb3 Nc7 13. a3 b6 14. Bd2 Be6 15. Qc2 Kh8
16. Rae1 Qd7 17. Kh2 Bg8 18. Nd1 Rac8 19. Nf2 Qe6 20. exf6 Rxf6 1/2-1/2

[Event "CAN-op"]
[Site "Windsor CAN"]
[Date "2016.07.16"]
[Round "8.4"]
[White "Song, Edward"]
[Black "Cherniaev, Alexander"]
[Result "0-1"]
[WhiteElo "2305"]
[BlackElo "2451"]
[PlyCount "148"]
[EventDate "2016.07.10"]
[EventType "swiss"]
[EventRounds "9"]
[EventCountry "CAN"]

1. e4 c5 2. Nf3 Nc6 3. Bb5 Nf6 4. Nc3 Qc7 5. O-O a6 6. Bxc6 dxc6 7. e5 Nd5 8.
Ne4 Bg4 9. Nxc5 e6 10. Nb3 c5 11. d3 Be7 12. Nbd2 O-O 13. a3 b5 14. b3 f5 15.
Bb2 Bh5 16. Qe1 Qc6 17. Kh1 Nf4 18. Rg1 g5 19. Qf1 g4 20. Ne1 Nh3 21. f3 Nxg1
22. Qxg1 gxf3 23. Nexf3 h6 24. Rf1 Kh7 25. Qf2 Rg8 26. Ne1 Rg7 27. Ndf3 Rag8
28. Bc1 Bxf3 29. Qxf3 Qxf3 30. Rxf3 c4 31. d4 Rg4 32. Be3 Re4 33. g3 cxb3 34.
cxb3 Bg5 35. Bf2 Rc8 36. Kg2 Bc1 37. a4 Bb2 38. axb5 axb5 39. d5 Bxe5 40. dxe6
Kg6 41. Rd3 Bc3 42. Nf3 Bf6 43. Rd6 Rc2 44. Kf1 Be7 45. Rd5 Bf6 46. Rxb5 Rc1+
47. Kg2 Re2 48. e7 Rcc2 49. Kh3 Rxe7 50. Bc5 Ree2 51. b4 Rc3 52. Ng1 Rec2 53.
Rb6 h5 54. Bd4 Rc6 55. Rxc6 Rxc6 56. Bc5 Ra6 57. Ne2 Be5 58. Kg2 Ra3 59. Kf2
Kf7 60. Be3 Ke6 61. Bc5 Kd5 62. Kg2 Ke4 63. Kf2 Ra2 64. Kf1 Rc2 65. Bf2 Rb2 66.
Bc5 Bb8 67. Bf2 Rxb4 68. Kg2 Be5 69. Ng1 Rb2 70. Kf1 Bd4 71. Bxd4 Kxd4 72. Nf3+
Ke3 73. Nh4 Rxh2 74. Kg1 Rxh4 0-1

[Event "CAN-op"]
[Site "Windsor CAN"]
[Date "2016.07.16"]
[Round "8.5"]
[White "Tarjan, James"]
[Black "Doknjas, Joshua"]
[Result "1-0"]
[WhiteElo "2447"]
[BlackElo "2131"]
[PlyCount "59"]
[EventDate "2016.07.10"]
[EventType "swiss"]
[EventRounds "9"]
[EventCountry "CAN"]

1. e4 c5 2. Nf3 d6 3. d4 cxd4 4. Nxd4 Nf6 5. Nc3 a6 6. h3 e5 7. Nde2 h5 8. Nd5
Nxd5 9. Qxd5 Nd7 10. Nc3 Nf6 11. Qd3 Be6 12. Bg5 Rc8 13. Qf3 Be7 14. Bd3 Qb6
15. Nd1 Qc6 16. Ne3 Ng8 17. Bxe7 Nxe7 18. O-O g6 19. Qf6 Rf8 20. b3 Ng8 21. Qh4
Qd7 22. f4 exf4 23. Nd5 Bxd5 24. exd5 Ne7 25. Rae1 Rc7 26. Rxe7+ Qxe7 27. Re1
Qxe1+ 28. Qxe1+ Re7 29. Qb4 Rd7 30. Qxf4 1-0

[Event "CAN-op"]
[Site "Windsor CAN"]
[Date "2016.07.16"]
[Round "8.6"]
[White "Li, Ben"]
[Black "Humphreys, Michael"]
[Result "1-0"]
[WhiteElo "2324"]
[BlackElo "2206"]
[PlyCount "73"]
[EventDate "2016.07.10"]
[EventType "swiss"]
[EventRounds "9"]
[EventCountry "CAN"]

1. d4 e6 2. c4 b6 3. a3 Bb7 4. Nc3 f5 5. d5 Nf6 6. g3 Bd6 7. Bg2 O-O 8. Nh3 Na6
9. O-O Be5 10. Bd2 Nc5 11. Nf4 a5 12. Qc2 a4 13. Rad1 Qe7 14. Be3 Bxc3 15. Qxc3
Nfe4 16. Qc2 e5 17. Nd3 d6 18. Nb4 Nf6 19. Qxf5 Nfe4 20. Qh5 Bc8 21. Bxc5 Nxc5
22. e3 e4 23. Qe2 Bd7 24. Na2 Rf5 25. Nc3 Re5 26. Rd4 Re8 27. Qc2 Qf7 28. Nxe4
Bf5 29. f3 Qg6 30. Qf2 Bxe4 31. fxe4 Rh5 32. Qf4 h6 33. Bf3 Rhe5 34. Bg4 Nb3
35. Bf5 Qh5 36. Rdd1 Qe2 37. Bg6 1-0

[Event "CAN-op"]
[Site "Windsor CAN"]
[Date "2016.07.16"]
[Round "8.7"]
[White "Agbabishvili, Lali"]
[Black "Sohal, Tanraj"]
[Result "0-1"]
[WhiteElo "2012"]
[BlackElo "2334"]
[PlyCount "176"]
[EventDate "2016.07.10"]
[EventType "swiss"]
[EventRounds "9"]
[EventCountry "CAN"]

1. Nf3 e6 2. g3 d5 3. Bg2 Nf6 4. O-O Be7 5. d3 O-O 6. Nbd2 c5 7. e4 Nc6 8. Re1
dxe4 9. Nxe4 Nd5 10. Bd2 b6 11. a3 f6 12. Nc3 Nc7 13. Be3 e5 14. Nd2 Bb7 15. f4
exf4 16. Bxf4 Bd6 17. Bxd6 Qxd6 18. Kh1 Rab8 19. Nc4 Qd7 20. Qd2 b5 21. Ne3 Ne5
22. Bxb7 Rxb7 23. Qg2 Rbb8 24. Rad1 Rbd8 25. Ne2 Ne6 26. Rf1 Rfe8 27. Nf4 Ng6
28. Nfd5 Nc7 29. c4 Kh8 30. b3 Ne6 31. Nf5 Ne5 32. h3 a5 33. a4 bxc4 34. bxc4
Qxa4 35. Qf2 Qd7 36. Kg2 Nc7 37. Qxc5 Nxd5 38. Qxd5 Qxd5+ 39. cxd5 Rxd5 40. d4
Nc6 41. Ra1 h5 42. Rf2 Re4 43. Ra4 Nb4 44. Ra3 Nc6 45. Ra4 Kh7 46. Rc4 Nb8 47.
Nh4 Nd7 48. Rf5 Rxf5 49. Nxf5 Kg6 50. Nh4+ Kf7 51. Ra4 Ne5 52. Rxa5 Rxd4 53.
Ra7+ Nd7 54. Kg1 Rd5 55. Kf2 g6 56. Nf3 Rd6 57. g4 hxg4 58. hxg4 Ke6 59. g5 f5
60. Ra8 Kd5 61. Ra5+ Nc5 62. Kg3 Rb6 63. Ra8 Ne4+ 64. Kf4 Nd6 65. Rg8 Rb4+ 66.
Kg3 Rg4+ 67. Kh2 Ke4 68. Rxg6 Kxf3 69. Rxd6 Rxg5 70. Rd2 f4 71. Ra2 Re5 72. Ra8
Kf2 73. Kh3 f3 74. Ra2+ Re2 75. Ra1 Rd2 76. Rb1 Ke3 77. Re1+ Re2 78. Rf1 Rg2
79. Re1+ Kf4 80. Re8 Re2 81. Rf8+ Ke3 82. Ra8 Rd2 83. Ra3+ Ke2 84. Ra8 f2 85.
Re8+ Kf1 86. Re7 Re2 87. Ra7 Kg1 88. Rg7+ Kh1 0-1

[Event "CAN-op"]
[Site "Windsor CAN"]
[Date "2016.07.16"]
[Round "8.9"]
[White "Hua, Eugene"]
[Black "Plotkin, Victor"]
[Result "1/2-1/2"]
[WhiteElo "2049"]
[BlackElo "2309"]
[PlyCount "83"]
[EventDate "2016.07.10"]
[EventType "swiss"]
[EventRounds "9"]
[EventCountry "CAN"]

1. e4 e5 2. Nf3 Nf6 3. Nxe5 d6 4. Nf3 Nxe4 5. Nc3 Nxc3 6. dxc3 Be7 7. Bf4 Nc6
8. Qd2 Be6 9. Ng5 Bxg5 10. Bxg5 Qd7 11. O-O-O a6 12. Kb1 f6 13. Be3 O-O-O 14.
c4 Rhe8 15. f3 d5 16. cxd5 Bxd5 17. c4 Bf7 18. Qxd7+ Rxd7 19. Rxd7 Kxd7 20. Bd2
Bg6+ 21. Kc1 Nd4 22. h4 Ne2+ 23. Bxe2 Rxe2 24. g4 Bd3 25. b3 Ke6 26. f4 Kf7 27.
Rh3 Be4 28. Re3 Rxe3 29. Bxe3 Kg6 30. Kd2 f5 31. g5 Kh5 32. Bd4 g6 33. Be5 c6
34. Kc3 c5 35. Bd6 Kg4 36. a3 Kf3 37. Kd2 Bb1 38. Be5 Ke4 39. Bd6 Kf3 40. Be5
Be4 41. Bd6 Bc6 42. Kd3 1/2-1/2

[Event "CAN-op"]
[Site "Windsor CAN"]
[Date "2016.07.16"]
[Round "8.11"]
[White "Doknjas, John"]
[Black "Chaichi, Navid"]
[Result "1-0"]
[WhiteElo "2220"]
[BlackElo "2221"]
[PlyCount "75"]
[EventDate "2016.07.10"]
[EventType "swiss"]
[EventRounds "9"]
[EventCountry "CAN"]

1. d4 Nf6 2. c4 e6 3. Nc3 c5 4. d5 exd5 5. cxd5 d6 6. e4 Qe7 7. f4 a6 8. Nf3 b5
9. e5 b4 10. Na4 Nbd7 11. Be2 dxe5 12. fxe5 Nxe5 13. O-O Nfd7 14. Nxe5 Qxe5 15.
Bh5 Be7 16. Re1 Qd6 17. Re6 O-O 18. Rxd6 Bxd6 19. Be3 Bb7 20. Rc1 Rac8 21. b3
g6 22. Bf3 Rfe8 23. Bf2 f5 24. Nb2 Bf4 25. Rc2 Ne5 26. Nd3 Nxf3+ 27. Qxf3 Bd6
28. Bxc5 Re4 29. Qf2 Bb8 30. Bxb4 Rce8 31. d6 Rd8 32. Qb6 Rd7 33. Nc5 Rxd6 34.
Qxb7 Rd1+ 35. Kf2 Rf4+ 36. Ke2 Rd8 37. Ne6 Re4+ 38. Qxe4 1-0

[Event "CAN-op"]
[Site "Windsor CAN"]
[Date "2016.07.16"]
[Round "8.15"]
[White "Ruelland, Geoffrey"]
[Black "Daniluk, Jim"]
[Result "1/2-1/2"]
[WhiteElo "2106"]
[BlackElo "1963"]
[PlyCount "96"]
[EventDate "2016.07.10"]
[EventType "swiss"]
[EventRounds "9"]
[EventCountry "CAN"]

1. e4 c5 2. Nf3 Nc6 3. Nc3 e5 4. Bc4 Be7 5. O-O Nf6 6. d3 O-O 7. Ng5 Na5 8. Nf3
d6 9. h3 a6 10. a4 Nxc4 11. dxc4 h6 12. Qe2 Be6 13. Rd1 Qc7 14. Be3 Rfd8 15. a5
Rab8 16. b3 Bd7 17. Bd2 Bc6 18. Nh2 Re8 19. Nf1 Bf8 20. Qf3 Nh7 21. Ne3 Ng5 22.
Qg4 Qd7 23. Qxd7 Bxd7 24. Ned5 Ne6 25. Nb6 Bc6 26. Be3 Be7 27. f3 Rbd8 28. g3
Bg5 29. Kf2 Bxe3+ 30. Kxe3 Nd4 31. Rd2 f5 32. Nbd5 Rd7 33. Rf1 Rf7 34. Rdf2
Ref8 35. f4 exf4+ 36. gxf4 Re8 37. Kd3 Bxd5 38. cxd5 Rfe7 39. Re1 Kf7 40. h4 g6
41. Re3 fxe4+ 42. Rxe4 Nf5 43. Rh2 Ng3 44. Rxe7+ Rxe7 45. Rh3 Nf5 46. Ne4 Kg7
47. c3 Re8 48. Rh2 Re7 1/2-1/2

[Event "CAN-op"]
[Site "Windsor CAN"]
[Date "2016.07.16"]
[Round "8.16"]
[White "McNamara, Tanner"]
[Black "Huang, Patrick"]
[Result "1-0"]
[WhiteElo "2047"]
[BlackElo "1992"]
[PlyCount "117"]
[EventDate "2016.07.10"]
[EventType "swiss"]
[EventRounds "9"]
[EventCountry "CAN"]

1. d4 Nf6 2. c4 c5 3. d5 b5 4. cxb5 a6 5. bxa6 Bxa6 6. Nc3 g6 7. e4 Bxf1 8.
Kxf1 d6 9. g3 Nbd7 10. Nf3 Bg7 11. Kg2 O-O 12. Re1 Qc7 13. Re2 Rfb8 14. h3 Rb7
15. Rb1 Qb8 16. Rc2 Ne8 17. Bd2 Nc7 18. Qe2 Bxc3 19. Bxc3 Rxa2 20. Qc4 Ra8 21.
Rd1 Nb6 22. Qe2 Na4 23. Qd2 Nxc3 24. bxc3 Kg7 25. e5 Rb3 26. Qf4 Nb5 27. Ng5
Qe8 28. Ne4 Ra4 29. Re1 Rxc3 30. Rxc3 Nxc3 31. exd6 Rxe4 32. Rxe4 Nxe4 33. Qxe4
Kf8 34. dxe7+ Qxe7 35. Qf4 f5 36. Kf3 Qe1 37. Qd6+ Kg7 38. Qc7+ Kf8 39. Qxc5+
Kf7 40. Qa7+ Kf6 41. Qb6+ Kf7 42. Qc7+ Kf6 43. Qc6+ Kf7 44. Qc4 Ke7 45. Qc5+
Kf7 46. Qd4 Kg8 47. Kf4 Kf7 48. Kg5 Qe7+ 49. Kh6 Kg8 50. d6 Qd7 51. Qf6 f4 52.
g4 f3 53. Qe7 Qxe7 54. dxe7 Kf7 55. Kxh7 Kxe7 56. Kxg6 Ke6 57. h4 Ke5 58. h5
Ke4 59. h6 1-0

[Event "CAN-op"]
[Site "Windsor CAN"]
[Date "2016.07.16"]
[Round "8.17"]
[White "Zhang, Henry"]
[Black "Chernik, Dmitry"]
[Result "1/2-1/2"]
[WhiteElo "2096"]
[BlackElo "2095"]
[PlyCount "78"]
[EventDate "2016.07.10"]
[EventType "swiss"]
[EventRounds "9"]
[EventCountry "CAN"]

1. e4 c5 2. Nf3 Nc6 3. c4 e5 4. Nc3 d6 5. Be2 g6 6. O-O Bg7 7. a3 Nge7 8. Rb1
O-O 9. b4 f5 10. d3 f4 11. b5 Nd4 12. Nxd4 exd4 13. Nd5 Nxd5 14. cxd5 Be5 15.
Bg4 h5 16. Bxc8 Qxc8 17. Qf3 Qe8 18. h4 Qe7 19. Qh3 Rf7 20. Bd2 Raf8 21. f3 Rg7
22. Kf2 Qd7 23. Qxd7 Rxd7 24. a4 Rc8 25. Rfc1 Kf7 26. Rc4 Kg7 27. Rh1 b6 28.
Ra1 Rb7 29. Ke2 Ra8 30. a5 a6 31. axb6 Rxb6 32. Rca4 Rxb5 33. Rxa6 Rxa6 34.
Rxa6 Rb1 35. Ra7+ Kg8 36. Ra8+ Kf7 37. Ra7+ Kf8 38. Ra8+ Kf7 39. Ra7+ Kf8
1/2-1/2

[Event "CAN-op"]
[Site "Windsor CAN"]
[Date "2016.07.16"]
[Round "8.19"]
[White "Sivapathasundaram, Manojh"]
[Black "Holliman, Robert"]
[Result "1/2-1/2"]
[WhiteElo "1985"]
[BlackElo "2050"]
[PlyCount "49"]
[EventDate "2016.07.10"]
[EventType "swiss"]
[EventRounds "9"]
[EventCountry "CAN"]

1. d4 d5 2. c4 c6 3. Nc3 Nf6 4. Nf3 dxc4 5. a4 Bf5 6. e3 e6 7. Bxc4 Bb4 8. O-O
O-O 9. Qe2 h6 10. e4 Bh7 11. e5 Nd5 12. Ne4 Nd7 13. Rd1 Qe7 14. Bd3 Rac8 15. g4
c5 16. g5 h5 17. Kh1 cxd4 18. Rg1 Bxe4 19. Qxe4 g6 20. Qxd4 Nc5 21. Bc4 a5 22.
Bxd5 exd5 23. Qxd5 Rfd8 24. Qa2 Rd3 25. Be3 1/2-1/2

[Event "CAN-op"]
[Site "Windsor CAN"]
[Date "2016.07.16"]
[Round "8.20"]
[White "Karlow, Nick"]
[Black "Beider, Andrew"]
[Result "1-0"]
[WhiteElo "2053"]
[BlackElo "2069"]
[PlyCount "143"]
[EventDate "2016.07.10"]
[EventType "swiss"]
[EventRounds "9"]
[EventCountry "CAN"]

1. e4 c5 2. Nf3 a6 3. g3 d6 4. Bg2 Nc6 5. O-O Nf6 6. Nc3 e5 7. d3 Be7 8. Bg5
O-O 9. Qd2 Nd4 10. Rad1 Bg4 11. Nxd4 cxd4 12. Bxf6 Bxf6 13. Ne2 Qd7 14. f3 Be6
15. f4 Bg4 16. Bf3 Bxf3 17. Rxf3 Rac8 18. fxe5 dxe5 19. c4 dxc3 20. Nxc3 Be7
21. Nd5 Bc5+ 22. Kg2 f6 23. Rc1 Kh8 24. Rff1 Bd4 25. b3 Rc6 26. Rc4 Rfc8 27.
Rfc1 Rxc4 28. Rxc4 Rxc4 29. bxc4 h6 30. Qd1 f5 31. Qf3 g6 32. g4 f4 33. Qd1 Kg7
34. Kf3 Qc6 35. Qb3 b5 36. Qb4 Bc5 37. Qa5 bxc4 38. dxc4 Qd6 39. Qc7+ Kh8 40.
Qf7 g5 41. h3 Be3 42. Qe8+ Kg7 43. Ke2 Bc5 44. Qc8 Bd4 45. Qb7+ Kf8 46. Qc8+
Kg7 47. Qb7+ Kf8 48. Qh7 f3+ 49. Kf1 f2 50. Qh8+ Kf7 51. Nc7 Qc6 52. Qh7+ Kf8
53. Qf5+ Ke7 54. Nd5+ Ke8 55. Nf6+ Kd8 56. Kg2 Kc7 57. Nd5+ Kb8 58. Qf8+ Kb7
59. Qf7+ Kb8 60. Nf6 a5 61. Kf1 Qa4 62. Qf8+ Kc7 63. Nd5+ Kb7 64. Qe7+ Ka6 65.
Qd6+ Ka7 66. Qe7+ Ka6 67. Nc7+ Kb6 68. c5+ Bxc5 69. Nd5+ Ka6 70. Qxc5 Qd1+ 71.
Kxf2 Qd2+ 72. Kg3 1-0

[Event "CAN-op"]
[Site "Windsor CAN"]
[Date "2016.07.16"]
[Round "8.21"]
[White "Gaisinsky, Adam"]
[Black "Chehayeb, Salah"]
[Result "1/2-1/2"]
[WhiteElo "1994"]
[BlackElo "2015"]
[PlyCount "77"]
[EventDate "2016.07.10"]
[EventType "swiss"]
[EventRounds "9"]
[EventCountry "CAN"]

1. e4 c5 2. Nf3 d5 3. exd5 Qxd5 4. Nc3 Qd8 5. Bc4 e6 6. O-O Nc6 7. d4 cxd4 8.
Nb5 a6 9. Nbxd4 Nxd4 10. Nxd4 Nf6 11. Bf4 Be7 12. c3 O-O 13. Qf3 Nd5 14. Bg3
Bd6 15. Rad1 Bxg3 16. fxg3 b5 17. Bxd5 exd5 18. Kh1 Bb7 19. Nf5 Qc7 20. Rd4 f6
21. Rg4 g6 22. Nd4 Rae8 23. h4 Re5 24. Rf4 f5 25. g4 Re4 26. gxf5 Rxf4 27. Qxf4
Qxf4 28. Rxf4 Bc8 29. g4 Kg7 30. Kg2 gxf5 31. gxf5 Kf6 32. Kf3 Ke5 33. f6 Rxf6
34. Rxf6 Kxf6 35. Kf4 Bd7 36. Nb3 Bh3 37. Nc5 Bc8 38. b4 Kg6 39. Nd3 1/2-1/2

[Event "CAN-op"]
[Site "Windsor CAN"]
[Date "2016.07.16"]
[Round "8.22"]
[White "D'Amore, Tyler"]
[Black "Fradkin, Benjamin"]
[Result "1/2-1/2"]
[WhiteElo "1946"]
[BlackElo "2106"]
[PlyCount "89"]
[EventDate "2016.07.10"]
[EventType "swiss"]
[EventRounds "9"]
[EventCountry "CAN"]

1. e4 c6 2. d4 d5 3. Nc3 dxe4 4. Nxe4 Bf5 5. Ng3 Bg6 6. h4 h6 7. Nf3 Nd7 8. h5
Bh7 9. Bd3 Bxd3 10. Qxd3 Ngf6 11. Bd2 e6 12. O-O-O Be7 13. Ne4 Nxe4 14. Qxe4
Nf6 15. Qe2 Qd5 16. c4 Qe4 17. Qxe4 Nxe4 18. Be3 O-O 19. Ne5 Rfd8 20. g4 c5 21.
Kb1 cxd4 22. Bxd4 Bc5 23. Bxc5 Nxc5 24. f3 f6 25. Ng6 a5 26. b3 Kf7 27. Kc2 e5
28. Rhe1 Ne6 29. Kc3 Nd4 30. Rd3 b5 31. f4 b4+ 32. Kb2 Nc6 33. Rxd8 Rxd8 34.
fxe5 Re8 35. Kc2 fxe5 36. Rf1+ Ke6 37. Kd3 Rd8+ 38. Ke3 Rd4 39. Rg1 a4 40. Nh4
axb3 41. axb3 Na5 42. Nf3 Rf4 43. Nd2 Nc6 44. Rg2 Nd4 45. Rg3 1/2-1/2

[Event "CAN-op"]
[Site "Windsor CAN"]
[Date "2016.07.16"]
[Round "8.23"]
[White "Drkulec, Vladimir"]
[Black "Fan, Run Kun"]
[Result "0-1"]
[WhiteElo "2031"]
[BlackElo "2074"]
[PlyCount "72"]
[EventDate "2016.07.10"]
[EventType "swiss"]
[EventRounds "9"]
[EventCountry "CAN"]

1. d4 d5 2. c4 c6 3. Nf3 Nf6 4. g3 g6 5. Bg2 Bg7 6. O-O O-O 7. cxd5 cxd5 8. Ne5
Ng4 9. Nxg4 Bxg4 10. Nc3 Nc6 11. h3 Be6 12. Be3 Rc8 13. Rc1 Qd7 14. Kh2 b6 15.
Qd2 Rfd8 16. Rfd1 Qb7 17. f3 Rc7 18. Bf4 Rcd7 19. e3 f6 20. g4 Bf7 21. Bg3 e5
22. dxe5 fxe5 23. Bh4 Re8 24. Ne4 Re6 25. Ng5 Ree7 26. f4 e4 27. Bg3 Be8 28.
Qc2 Nb4 29. Qb3 Nd3 30. Rc2 Nc5 31. Qa3 h6 32. b4 Nd3 33. Nxe4 dxe4 34. Rcd2
Nb2 35. Rxb2 Rxd1 36. Qb3+ Qd5 0-1

[Event "CAN-op"]
[Site "Windsor CAN"]
[Date "2016.07.17"]
[Round "9.2"]
[White "Cherniaev, Alexander"]
[Black "Szabo, Gergely-Andras-Gyul"]
[Result "1/2-1/2"]
[WhiteElo "2451"]
[BlackElo "2563"]
[PlyCount "30"]
[EventDate "2016.07.10"]
[EventType "swiss"]
[EventRounds "9"]
[EventCountry "CAN"]

1. e4 c5 2. Ne2 Nf6 3. Nbc3 d6 4. g3 g6 5. h3 Bg7 6. d4 cxd4 7. Nxd4 Nc6 8.
Nde2 O-O 9. Bg2 Rb8 10. O-O b5 11. Nd5 Nd7 12. c3 e6 13. Ne3 Nc5 14. Nf4 Bb7
15. g4 b4 1/2-1/2

[Event "CAN-op"]
[Site "Windsor CAN"]
[Date "2016.07.17"]
[Round "9.3"]
[White "Peredun, Andrew"]
[Black "Tarjan, James"]
[Result "1-0"]
[WhiteElo "2283"]
[BlackElo "2447"]
[PlyCount "99"]
[EventDate "2016.07.10"]
[EventType "swiss"]
[EventRounds "9"]
[EventCountry "CAN"]

1. e4 c6 2. Nc3 d5 3. d4 dxe4 4. Nxe4 Nd7 5. Bd3 Ngf6 6. Ng5 e6 7. N1f3 h6 8.
Nxe6 fxe6 9. Bg6+ Ke7 10. O-O Qc7 11. c4 Kd8 12. Re1 Bd6 13. Ne5 Rf8 14. Bf4 b6
15. Qf3 Bb7 16. Qh3 Bc8 17. Rad1 a5 18. c5 Bxe5 19. dxe5 Nd5 20. Qh4+ Ne7 21.
Rd6 Rxf4 22. Qxf4 Nxg6 23. Qf7 Qb7 24. cxb6 Qxb6 25. Qxg6 Kc7 26. Qxe6 Nc5 27.
Qf7+ Kb8 28. e6 Qb4 29. Rdd1 Nxe6 30. Rxe6 Bxe6 31. Qxe6 Kc7 32. Qd7+ Kb6 33.
Rc1 Qe4 34. Qxg7 Re8 35. g3 h5 36. h4 Re5 37. Qf7 Rd5 38. Qf6 Rd3 39. Qg5 Rd5
40. Qh6 Rb5 41. Qd2 Rd5 42. Qc2 Qxc2 43. Rxc2 a4 44. a3 c5 45. Kg2 Rd3 46. f3
Kc6 47. g4 Rb3 48. gxh5 Kd6 49. Kg3 Rb8 50. h6 1-0

[Event "CAN-op"]
[Site "Windsor CAN"]
[Date "2016.07.17"]
[Round "9.6"]
[White "Sohal, Tanraj"]
[Black "Doknjas, John"]
[Result "1/2-1/2"]
[WhiteElo "2334"]
[BlackElo "2133"]
[PlyCount "58"]
[EventDate "2016.07.10"]
[EventType "swiss"]
[EventRounds "9"]
[EventCountry "CAN"]

1. e4 c5 2. Nf3 d6 3. d4 cxd4 4. Qxd4 a6 5. h3 Nc6 6. Qe3 g6 7. c4 Bg7 8. Be2
Nf6 9. Nc3 O-O 10. O-O Nd7 11. Rb1 Nde5 12. Rd1 Nxf3+ 13. Bxf3 Qa5 14. a3 Qc5
15. Qxc5 dxc5 16. Nd5 e5 17. Nb6 Rb8 18. Nxc8 Rfxc8 19. Bg4 Rd8 20. Rd5 b6 21.
Be3 Rxd5 22. exd5 Nd4 23. b4 cxb4 24. axb4 f5 25. Bd1 Rc8 26. Bxd4 exd4 27. Be2
Bf8 28. Ra1 Bxb4 29. Rxa6 Bc5 1/2-1/2

[Event "CAN-op"]
[Site "Windsor CAN"]
[Date "2016.07.17"]
[Round "9.7"]
[White "Teh, Aron"]
[Black "Humphreys, Michael"]
[Result "0-1"]
[WhiteElo "2328"]
[BlackElo "2206"]
[PlyCount "44"]
[EventDate "2016.07.10"]
[EventType "swiss"]
[EventRounds "9"]
[EventCountry "CAN"]

1. d4 Nf6 2. c4 e6 3. Nf3 b6 4. g3 Bb7 5. Bg2 Bb4+ 6. Nbd2 O-O 7. O-O Be7 8.
Qc2 c5 9. e4 d5 10. cxd5 exd5 11. e5 Nfd7 12. Qf5 Nc6 13. e6 Nf6 14. exf7+ Kh8
15. dxc5 bxc5 16. Ng5 Nd4 17. Qd3 Qd6 18. Re1 h6 19. Ngf3 Ba6 20. Qb1 Ne2+ 21.
Kh1 Ng4 22. Bf1 Bd3 0-1